[Event "Nacional Masters POR 2017-18"]
[Site "Cascais"]
[Date "2018.08.17"]
[Round "9"]
[White "Martins, David Pires Tavares"]
[Black "Santos, Antonio Pereira"]
[Result "1-0"]
[WhiteElo "2397"]
[BlackElo "2194"]
[Annotator "NA"]
[PlyCount "65"]
[EventDate "2018.08.11"]
[EventType "tourn"]
[EventCountry "POR"]
[SourceTitle "playchess.com"]
[Source "ChessBase"]
[SourceQuality "1"]
[TimeControl "5400+30"]

{[%evp 8,61,37,18,33,32767,33,2,29,31,35,31,19,0,9,6,19,20,28,16,32767,32767,32767,143,32767,32767,32767,132,32767,137,180,32767,82,24,40,0,32767,12,77,32767,32767,43,32767,32767,32767,32767,185,168,175,182,197,187,197,201,32767,153]} 1. d4 {[%emt 0:00:00] Chekhov,V} d5 {[%emt 0:16:06]} 2. c4 {[%emt 0:00:00]} dxc4 {[%emt 0:00:06]} 3. e3 {[%emt 0:00:00]} Nf6 {[%emt 0:00:12]} 4. Bxc4 {[%emt 0:00:00]} a6 {[%emt 0:00:11]} 5. Bb3 {[%emt 0:01:57]} e6 {[%emt 0:00:12]} 6. Nf3 {[%emt 0:00:12]} c5 {[%emt 0:03:28]} 7. O-O {[%emt 0:00:17]} Nc6 {[%emt 0:00:15]} 8. Qe2 {[%emt 0:00:34]} cxd4 {[%emt 0:00:22]} 9. Rd1 {[%emt 0:00:24]} Be7 {[%emt 0:00:10]} 10. exd4 {[%emt 0:00:24]} O-O {[%emt 0:00:09]} 11. a3 {[%emt 0:02:24] LiveBook: 3 Partien D27: Queen's Gambit Accepted: Classical main line: 7 e4!? and 7 a4} (11. Nc3 Na5 12. Bc2 b5 13. Bg5 Bb7 14. d5 exd5 15. Nd4 g6 16. Re1 Re8 17. Rad1 Ne4 18. Bxe7 Qxe7 19. f3 Nxc3 20. Qxe7 Rxe7 21. Rxe7 Nxd1 22. Bxd1 {0-1 (39) Salem,A (2656)-Dominguez Perez,L (2739) Doha 2016}) 11... Qb6 {[%emt 0:07:29]} 12. Ba2 {[%emt 0:13:37]} Rd8 {[%emt 0:01:05]} 13. Nc3 {[%emt 0:00:34]} Nxd4 $146 {[%emt 0:30:36]} ({Predecessor:} 13... Nd5 14. Qe4 Nf6 15. Qc2 Bd7 16. Be3 Qc7 17. h3 Rac8 18. Rac1 Bd6 {1-0 (27) Tkachiev,V (2620)-Gyimesi,Z (2480) Vienna 1996 CBM 053 Extra [Chekhov,V]}) 14. Rxd4 {[%emt 0:00:37]} Rxd4 {[%emt 0:00:24] [#]} 15. Be3 $1 {[%emt 0:00:15]} Bc5 {[%emt 0:00:25]} 16. b4 {[%emt 0:00:29]} Rxb4 {[%emt 0:00:39]} 17. axb4 {[%emt 0:00:16]} Bxe3 {[%emt 0:00:21]} 18. Qxe3 {[%emt 0:00:14]} Qxb4 {[%emt 0:00:09]} 19. Rd1 {[%emt 0:01:36]} Bd7 {[%emt 0:10:20]} 20. Ne5 {[%emt 0:08:12]} (20. Rb1 $16 Qa5 21. Rxb7) 20... Be8 $1 {[%emt 0:00:53]} 21. Bb1 {[%emt 0:12:16]} Rc8 {[%emt 0:10:33]} 22. Ne4 {[%emt 0:00:12]} Nxe4 {[%emt 0:00:04]} (22... Nd5 $11 {keeps the balance.} 23. Qf3 Qe7) 23. Bxe4 {[%emt 0:04:18]} Qe7 {[%emt 0:00:44]} 24. Qb6 {[%emt 0:06:43]} f6 {[%emt 0:02:51]} 25. Nf3 {[%emt 0:00:33]} f5 {[%emt 0:01:35]} 26. Bb1 {[%emt 0:01:56]} Bh5 {[%emt 0:10:46]} 27. Ba2 {[%emt 0:01:47]} Bxf3 {[%emt 0:00:02]} 28. Qxe6+ {[%emt 0:00:25]} Qxe6 {[%emt 0:00:05]} 29. Bxe6+ {[%emt 0:00:05]} Kf8 {[%emt 0:00:18]} 30. gxf3 {[%emt 0:00:05]} Rc5 {[%emt 0:00:14]} 31. Rd7 $16 {[%emt 0:00:18]} b5 {[%emt 0:01:10]} 32. Rf7+ {[%emt 0:01:03]} Ke8 {[%emt 0:00:01]} 33. Ra7 {[%emt 0:02:15]} 1-0

[Event "Nacional Masters POR 2017-18"]
[Site "Cascais"]
[Date "2018.08.17"]
[Round "9"]
[White "Dias, Ivo Rodrigues"]
[Black "Santos, Jose Alves"]
[Result "0-1"]
[WhiteElo "2164"]
[BlackElo "2118"]
[Annotator "NA"]
[PlyCount "92"]
[EventDate "2018.08.11"]
[EventType "tourn"]
[EventCountry "POR"]
[SourceTitle "playchess.com"]
[Source "ChessBase"]
[SourceQuality "1"]
[TimeControl "5400+30"]

1. d4 {[%emt 0:00:00]} d5 {[%emt 0:01:37]} 2. c4 {[%emt 0:00:00]} e5 {[%emt 0:00:10]} 3. dxe5 {[%emt 0:00:00]} d4 {[%emt 0:00:04]} 4. Nf3 {[%emt 0:00:07]} Nc6 {[%emt 0:00:05] LiveBook: 848 Games} 5. a3 {[%emt 0:00:17]} Bg4 {[%emt 0:00:55]} 6. Nbd2 {[%emt 0:00:08]} Qd7 {[%emt 0:00:08]} 7. b4 {[%emt 0:01:55] D08: Albin Counter Gambit} Nge7 {[%emt 0:05:02]} 8. Bb2 {[%emt 0:03:19]} (8. h3 Be6 9. b5 Na5 10. Qa4 b6 11. Bb2 c5 12. bxc6 Nexc6 13. Nxd4 Bc5 {1-0 (52) Farago,I (2504)-Bukal,V (2441) Austria 2008}) 8... Ng6 {[%emt 0:00:15]} 9. b5 $146 {[%emt 0:10:48]} (9. h3 $16 Bf5 10. Qa4) ({Predecessor:} 9. Qa4 Bxf3 10. Nxf3 Ngxe5 11. Nxe5 Nxe5 12. Qxd7+ Kxd7 13. e3 Re8 14. Bxd4 a6 {1-0 (42) Gibson,C (1973)-Zhu,Y (1954) England 2010}) 9... Ncxe5 {[%emt 0:08:24]} 10. Qb3 {[%emt 0:13:20]} Nxf3+ {[%emt 0:12:57]} 11. Nxf3 {[%emt 0:00:41]} Bc5 {[%emt 0:03:32]} 12. Rd1 {[%emt 0:04:33]} Bxf3 {[%emt 0:00:36]} 13. Qxf3 {[%emt 0:08:47]} O-O-O {[%emt 0:08:30]} 14. g3 {[%emt 0:01:39]} Ne5 {[%emt 0:01:13]} 15. Qh5 {[%emt 0:03:15]} Qe7 $2 {[%emt 0:04:44]} ({Black should try} 15... f5 $19 16. Bg2 g6) 16. Bh3+ {[%emt 0:00:35]} (16. Qf5+ $1 $15 Kb8 17. Bg2) 16... Kb8 17. O-O g6 {[%emt 0:04:43]} 18. Qh4 {[%emt 0:01:26]} Qxh4 {[%emt 0:04:02]} 19. gxh4 {[%emt 0:00:05]} Nxc4 {[%emt 0:00:21]} 20. Rc1 {[%emt 0:00:23]} Nxb2 {[%emt 0:00:29]} 21. Rxc5 {[%emt 0:00:07]} d3 {[%emt 0:00:05]} 22. exd3 {[%emt 0:03:01]} Rxd3 {[%emt 0:01:48]} 23. Bg2 {[%emt 0:00:41]} Rxa3 {[%emt 0:01:26]} 24. Re5 {[%emt 0:00:16]} Rd3 {[%emt 0:01:57]} (24... Nc4 $19 25. Re7 Nd6) 25. Re7 {[%emt 0:01:21]} Rf8 {[%emt 0:00:28]} 26. Be4 {[%emt 0:01:35]} Rd1 {[%emt 0:01:19]} 27. Rxd1 {[%emt 0:00:11]} Nxd1 {[%emt 0:00:01]} 28. Bd5 $17 {[%emt 0:00:17]} Nc3 {[%emt 0:00:19]} 29. Bxf7 {[%emt 0:00:17]} Nxb5 {[%emt 0:00:35]} 30. Bc4 {[%emt 0:00:06]} Nd6 {[%emt 0:00:29]} 31. Bd3 {[%emt 0:00:12]} Rf7 {[%emt 0:00:25]} 32. Re5 {[%emt 0:00:01]} b6 {[%emt 0:00:56]} 33. h5 {[%emt 0:01:07]} a5 {[%emt 0:09:31]} 34. hxg6 {[%emt 0:00:58]} hxg6 {[%emt 0:00:02]} 35. Kf1 {[%emt 0:00:36]} Rg7 {[%emt 0:03:23]} 36. h4 {[%emt 0:00:12]} a4 {[%emt 0:01:26]} 37. Bc2 {[%emt 0:00:23]} a3 {[%emt 0:02:34]} 38. Bb1 {[%emt 0:00:25]} Rh7 {[%emt 0:01:29]} 39. Re3 {[%emt 0:00:56]} Nc4 {[%emt 0:00:46]} 40. Re8+ {[%emt 0:00:46]} Kb7 {[%emt 0:00:41]} 41. Be4+ {[%emt 0:00:17]} c6 {[%emt 0:00:18]} 42. Bd3 {[%emt 0:00:37]} a2 {[%emt 0:00:23]} 43. Re1 {[%emt 0:00:06]} Nd2+ {[%emt 0:00:11]} 44. Kg2 {[%emt 0:00:07]} Nb3 {[%emt 0:00:32]} 45. Bxg6 {[%emt 0:00:07]} Rxh4 {[%emt 0:01:44]} 46. Kg3 {[%emt 0:00:16]} Rh6 {[%emt 0:00:57]} 0-1

[Event "Nacional Masters POR 2017-18"]
[Site "Cascais"]
[Date "2018.08.17"]
[Round "9"]
[White "Martins, Bruno Andre Leite"]
[Black "Padeiro, Jose Joao Tato"]
[Result "1-0"]
[WhiteElo "2158"]
[BlackElo "2241"]
[Annotator "NA"]
[PlyCount "79"]
[EventDate "2018.08.11"]
[EventType "tourn"]
[EventCountry "POR"]
[SourceTitle "playchess.com"]
[Source "ChessBase"]
[SourceQuality "1"]
[TimeControl "5400+30"]

1. e4 {[%emt 0:00:00]} c6 {[%emt 0:00:00]} 2. Nc3 {[%emt 0:00:00]} d5 {[%emt 0:00:00]} 3. Nf3 {[%emt 0:00:06]} Bg4 {[%emt 0:00:18]} 4. h3 {[%emt 0:00:08]} Bxf3 {[%emt 0:00:04]} 5. Qxf3 {[%emt 0:00:11]} e6 {[%emt 0:00:05]} 6. d4 {[%emt 0:00:35]} Nf6 {[%emt 0:02:26]} 7. Bd3 {[%emt 0:03:15]} dxe4 {[%emt 0:00:42]} 8. Nxe4 {[%emt 0:00:07]} Nxe4 {[%emt 0:00:22] B11: Caro-Kann (Zweispringer-Variante)} (8... Nbd7 9. c3 Nxe4 10. Qxe4 Nf6 11. Qf3 Qd5 12. Qxd5 exd5 13. O-O O-O-O 14. Re1 Re8 15. Bf4 Kd8 16. g4 h6 17. Kg2 Rxe1 18. Rxe1 Ne8 19. h4 {1-0 (61) Bacrot,E (2722)-Fontaine,R (2563) chess.com INT 2018}) 9. Qxe4 {[%emt 0:01:36]} Qd5 {[%emt 0:02:48]} 10. O-O {[%emt 0:05:13] LiveBook: 5 Games} Qxe4 {[%emt 0:00:13]} 11. Bxe4 {[%emt 0:00:02]} Nd7 {[%emt 0:00:11]} 12. Rd1 $146 {[%emt 0:02:09]} ({Vorgänger:} 12. Re1 Nf6 13. Bf3 O-O-O 14. c3 Kb8 15. g3 Bd6 16. Kg2 {½-½ (16) Felgaer,R (2509)-Campora,D (2542) Pinamar 2002}) 12... O-O-O {[%emt 0:00:44]} 13. c4 {[%emt 0:07:51]} Nb6 {[%emt 0:10:41]} 14. b3 $1 {[%emt 0:00:53]} Be7 {[%emt 0:00:18]} 15. Be3 {[%emt 0:01:15]} Bf6 {[%emt 0:00:15]} 16. Rac1 {[%emt 0:00:22]} Rd7 {[%emt 0:00:47] [#]} 17. d5 $1 {[%emt 0:03:05]} Rhd8 {[%emt 0:10:25]} 18. d6 {[%emt 0:08:58]} Be5 {[%emt 0:01:15]} 19. c5 {[%emt 0:16:43]} Nd5 {[%emt 0:00:08]} 20. Bxd5 {[%emt 0:09:16]} exd5 {[%emt 0:00:23]} 21. Bd4 {[%emt 0:02:49]} (21. b4 $16) 21... Bxd4 {[%emt 0:01:41]} 22. Rxd4 {[%emt 0:00:28]} Re8 {[%emt 0:00:26]} (22... b6 $11) 23. Kf1 {[%emt 0:00:05]} f5 {[%emt 0:11:34]} 24. Re1 {[%emt 0:04:40]} Rxe1+ {[%emt 0:02:03]} 25. Kxe1 {[%emt 0:00:02]} b6 {[%emt 0:00:08]} 26. b4 {[%emt 0:00:18]} Rb7 {[%emt 0:00:10]} 27. Rf4 {[%emt 0:01:30]} g6 $14 {[%emt 0:10:44]} 28. g4 {[%emt 0:01:53]} bxc5 {[%emt 0:09:28]} 29. bxc5 {[%emt 0:00:01]} Rb5 {[%emt 0:00:08]} 30. gxf5 {[%emt 0:00:27]} gxf5 {[%emt 0:00:03]} 31. Rxf5 {[%emt 0:02:34]} Rxc5 {[%emt 0:00:19]} 32. Rf7 {[%emt 0:00:14]} Ra5 {[%emt 0:01:22]} 33. Rxh7 {[%emt 0:00:14]} Rxa2 {[%emt 0:00:10]} 34. h4 {[%emt 0:00:08]} a5 {[%emt 0:26:05]} 35. h5 {[%emt 0:07:33]} Ra1+ {[%emt 0:02:53]} 36. Ke2 {[%emt 0:01:51]} a4 {[%emt 0:03:21]} 37. Rc7+ {[%emt 0:07:13]} Kd8 {[%emt 0:00:51]} 38. h6 {[%emt 0:03:22]} Rh1 {[%emt 0:03:54]} 39. h7 {[%emt 0:00:14]} a3 {[%emt 0:00:02]} 40. Ra7 {[%emt 0:00:08]} 1-0

[Event "Nacional Masters POR 2017-18"]
[Site "Cascais"]
[Date "2018.08.17"]
[Round "9"]
[White "Guerra, Vitor Manuel Vestia"]
[Black "Dias, Paulo"]
[Result "0-1"]
[WhiteElo "2127"]
[BlackElo "2328"]
[Annotator "NA"]
[PlyCount "42"]
[EventDate "2018.08.11"]
[EventType "tourn"]
[EventCountry "POR"]
[SourceTitle "playchess.com"]
[Source "ChessBase"]
[SourceQuality "1"]
[TimeControl "5400+30"]

{[%evp 11,40,37,22,20,42,34,34,15,10,-13,-16,-172,-155,-212,32767,32767,32767,32767,32767,32767,-286,32767,-281,32767,-382,-587,32767,32767,32767,32767,-1184]} 1. d4 {[%emt 0:00:00]} d6 {[%emt 0:10:54]} 2. Nf3 {[%emt 0:00:44]} f5 {[%emt 0:00:27]} 3. c4 {[%emt 0:06:03]} Nf6 {[%emt 0:00:21]} 4. Nc3 {[%emt 0:00:24]} g6 {[%emt 0:00:06]} 5. g3 {[%emt 0:00:27]} Bg7 {[%emt 0:00:07]} 6. Bg2 {[%emt 0:00:29]} O-O {[%emt 0:00:22]} 7. O-O {[%emt 0:05:42]} c6 {[%emt 0:02:00]} 8. d5 {[%emt 0:04:29]} e5 {[%emt 0:03:21]} 9. dxe6 {[%emt 0:05:21]} Bxe6 {[%emt 0:04:47]} 10. Qb3 {[%emt 0:00:05] LiveBook: 8 Games A88: Dutch Defence: Leningrad System: 5 Nf3 0-0 6 0-0 d6 7 Nc3 c6} (10. Qd3 Qe7 11. b3 Ne4 12. Bb2 Na6 13. Nd4 Nac5 14. Qd1 Bf7 15. Nxe4 Nxe4 16. Qc2 d5 17. cxd5 Bxd5 18. Nf3 Bxb2 19. Qxb2 {½-½ (35) Kosteniuk,A (2557)-Muzychuk,A (2582) Huaian 2017}) 10... b5 {[%emt 0:11:07]} 11. Nxb5 $2 {[%emt 0:00:27]} (11. Nd4 $11 Bxc4 12. Qc2) 11... cxb5 {[%emt 0:01:03]} 12. Ng5 $146 {[%emt 0:01:06]} ({Predecessor:} 12. Qxb5 Bd7 13. Qb3 Nc6 14. c5+ d5 15. Ng5 Ne7 16. Bf4 h6 17. Nf3 Nc6 {0-1 (42) Kubeczka,A (1975)-Soban,J (2122) Czechia 2011}) 12... Bxc4 {[%emt 0:01:36]} 13. Qc2 {[%emt 0:06:09]} Ne4 {[%emt 0:07:51]} 14. Nxe4 {[%emt 0:07:25]} fxe4 {[%emt 0:00:16]} 15. Qxe4 {[%emt 0:03:10]} d5 {[%emt 0:03:59]} 16. Qe6+ {[%emt 0:06:40]} Kh8 {[%emt 0:01:19]} 17. Rd1 {[%emt 0:05:32]} Nd7 {[%emt 0:05:36]} 18. Be3 {[%emt 0:10:27]} (18. Bf4 {was necessary.} Re8 19. Qd6) 18... d4 {[%emt 0:06:11]} 19. Qh3 {[%emt 0:00:40]} dxe3 {[%emt 0:00:26]} 20. Rxd7 {[%emt 0:00:33]} exf2+ {[%emt 0:00:34]} 21. Kh1 {[%emt 0:09:08]} Qe8 {[%emt 0:00:48]} 0-1

[Event "Nacional Masters POR 2017-18"]
[Site "Cascais"]
[Date "2018.08.17"]
[Round "9"]
[White "Margarido, Jose Miguel Teixeir"]
[Black "Fidalgo, Andre Neves"]
[Result "1/2-1/2"]
[WhiteElo "2081"]
[BlackElo "2187"]
[Annotator "NA"]
[PlyCount "65"]
[EventDate "2018.08.11"]
[EventType "tourn"]
[EventCountry "POR"]
[SourceTitle "playchess.com"]
[Source "ChessBase"]
[SourceQuality "1"]
[TimeControl "5400+30"]

1. e4 {[%emt 0:00:00]} c5 {[%emt 0:00:00]} 2. Nf3 {[%emt 0:00:00]} Nc6 {[%emt 0:00:00]} 3. d4 {[%emt 0:00:00]} cxd4 {[%emt 0:00:05]} 4. Nxd4 {[%emt 0:00:00]} g6 {[%emt 0:00:11]} 5. c4 {[%emt 0:00:00]} Nf6 {[%emt 0:00:10]} 6. Nc3 {[%emt 0:00:04]} Bg7 {[%emt 0:00:07]} 7. Be3 {[%emt 0:02:17]} Ng4 {[%emt 0:00:08] LiveBook: 1482 Games} 8. Qxg4 {[%emt 0:00:08]} Nxd4 {[%emt 0:00:06]} 9. Qd1 {[%emt 0:00:12]} Ne6 {[%emt 0:00:08]} 10. Rc1 {[%emt 0:00:28]} Qa5 {[%emt 0:00:06]} 11. Qd2 {[%emt 0:00:32]} b6 {[%emt 0:00:54]} 12. Be2 {[%emt 0:00:37]} Bb7 {[%emt 0:00:06]} 13. f3 {[%emt 0:00:23]} g5 {[%emt 0:01:16]} 14. O-O {[%emt 0:01:35]} Be5 {[%emt 0:00:09] [#] B39: Sicilian: Maroczy Bind with 5...Bg7 and 7...Ng4} 15. Rf2 $146 {[%emt 0:08:22]} ({Predecessor:} 15. Rfd1 Rd8 16. a3 Bf4 17. Bxf4 gxf4 18. Nd5 Qxd2 19. Rxd2 h5 20. b4 h4 21. a4 h3 22. g3 fxg3 23. hxg3 {½-½ (49) Sjugirov,S (2664)-Iturrizaga Bonelli,E (2625) Abu Dhabi 2015}) 15... Rg8 {[%emt 0:03:22]} 16. b3 {[%emt 0:08:27]} Bc6 {[%emt 0:10:12]} 17. Rc2 {[%emt 0:04:10]} ({White should try} 17. Qc2 $14) 17... Rc8 {[%emt 0:14:20]} 18. Nd5 {[%emt 0:02:10]} Qxd2 {[%emt 0:01:07]} 19. Rxd2 {[%emt 0:00:22]} Bd6 {[%emt 0:10:19]} 20. Nf6+ {[%emt 0:05:56]} exf6 {[%emt 0:00:13]} 21. Rxd6 {[%emt 0:00:02]} Ke7 {[%emt 0:00:55]} 22. Rd1 {[%emt 0:00:44]} h5 {[%emt 0:09:03]} 23. Bc1 {[%emt 0:06:38]} a5 {[%emt 0:02:23]} 24. Bb2 {[%emt 0:12:52]} Ra8 {[%emt 0:07:55]} 25. Bf1 {[%emt 0:06:44]} h4 $16 {[%emt 0:03:50]} 26. h3 {[%emt 0:01:35]} Rgb8 {[%emt 0:01:41]} 27. Rfd2 {[%emt 0:06:26]} Rb7 {[%emt 0:00:09]} 28. Rd6 {[%emt 0:06:06]} Raa7 {[%emt 0:01:02]} 29. R6d2 {[%emt 0:12:53]} Ra8 {[%emt 0:01:00]} 30. a3 {[%emt 0:03:24]} Raa7 {[%emt 0:00:17]} 31. Bd4 {[%emt 0:05:02]} Nxd4 {[%emt 0:01:21]} 32. Rxd4 {[%emt 0:00:01]} Rb8 {[%emt 0:04:24]} 33. Kf2 {[%emt 0:01:30]} 1/2-1/2